Retrouvez les paroles - Années 80 - Statistiques

Statistiques générales
  • Ce quiz a été pris 176 fois
  • Le résultat moyen est 5 sur 18
Statistiques - réponses
Auteur Chanson Paroles Réponse % Correct
France Gall Il jouait du piano debout Jouait du piano debout Quand les trouillards sont à genoux Et les _______ __ _____ _ ____ soldats au garde à vous
83%
Michel Berger La groupie du pianiste Elle le suivrait jusqu'en enfer Et ____ _'_____, _'___ ___ _____ _____ même l'enfer c'est pas grand chose
66%
Indochine L'aventurier Et soudain surgit face au vent Le ____ _____ __ ____ ___ _____ vrai héros de tous les temps
53%
Francis Cabrel Encore et encore Faudrait que t'arrives à en parler au passé Faudrait que _'_______ _ __ ____ ______ _ __ t'arrives à ne plus penser à ça
49%
France Gall Ella elle l'a Tape sur des tonneaux, sur des pianos Sur tout ce que ____ ____ __ ______ _____ ___ _____ Dieu peut te mettre entre les mains
35%
Peter et Sloane Besoin de rien, envie de toi Besoin de rien, envie de toi Comme __ _____ ____ _'_______ le rouge aime l'automne
24%
Images Les démons de minuit Rue déserte Dernière cigarette, plus rien ne bouge Juste __ ___ ___ _______ __ ________ un bar qui éclaire le trottoir
23%
Début de soirée Nuit de folie Le tempo en délire, si ce soir il fait chaud C'est qu'__ _____ ___ _____ ____ __ _____ __ ____ ____ on monte nos mains vers le point le plus haut
22%
Pierre Bachelet Les corons Et c'était mon enfance, et elle était heureuse Dans __ ____ ___ ___________ la buée des lessiveuses
18%
Michel Sardou Etre une femme Femme des années 80, moins colombine qu'Arlequin (être une femme) Sachant pianoter sur la gamme ___ __ __ _____ _______ ___ ______ qui va du grand sourire aux larmes
17%
Johnny Hallyday L'Envie Qu'on me donne la haine pour que j'aime l'amour La ________ _____ ____ ___ _'____ ___ ____ solitude aussi pour que j'aime les gens
17%
Patricia Kass Mon mec à moi Ce film en noir et blanc Qu'il m'a ____ ____ _____ ____ joué deux cents fois
14%
Jean-Pierre Mader Macumba Au Macumba, Macumba,
Elle danse tous les soirs
Au ______ ___ ______,
Aux accords des guitares.
rythme des salsas
14%
Desireless Voyage, Voyage De nuages en marécages De ____ _'_______ __ _____ _'_______ vent d'Espagne en pluie d'Equateur
11%
Jeanne Mas En Rouge et Noir Je me suis souvent perdue dans des mensonges qui tuaient J'ai raté mon premier rôle, __ _______ _____ __ ________ je jouerai mieux le deuxième
10%
Jean Schultheis Confidence pour confidence __ ____ ______ ___ ________Restez pas, pas chez moi si vous voulez les caresses
6%
Laroche Valmont T'as le look coco Ensemble Coco Chanel Pour ___ _____ ___________ les vraies demoiselles
3%
La Compagnie créole Ca fait rire les oiseaux Une chanson d'amour C'est d'l'oxygène dans la maison Tes _____ ________ ____ ___ _____ tes pieds touchent plus par terre
1%
Aucun quiz correspondant
Distribution des résultats
% des personnes avec chaque résultat
Percentile par nombre de réponses
Votre historique - résultats
Vous n’avez pas pris ce quiz